Central Library OPAC University of Rajshahi

Fanaticism, intolerance and Islam / (Record no. 33041)

MARC details
000 -LEADER
fixed length control field 00704nam a2200241 a 4500
001 - CONTROL NUMBER
control field 33041
003 - CONTROL NUMBER IDENTIFIER
rucl marc code BD-RjUL
005 - DATE AND TIME OF LATEST TRANSACTION
control field 20211209051933.0
008 - FIXED-LENGTH DATA ELEMENTS--GENERAL INFORMATION
fixed length control field 140429s1960 pk 000 0 eng d
035 ## - SYSTEM CONTROL NUMBER
System control number (BD-RjUL)33131
040 ## - CATALOGING SOURCE
Original cataloging agency GHS
Transcribing agency GHS
Modifying agency EQO
-- BD-RjUL
Language of cataloging eng
041 ## - LANGUAGE CODE
Language code of text/sound track or separate title eng
082 ## - DEWEY DECIMAL CLASSIFICATION NUMBER
Classification number 943.15505088245
Author mark and year AHF 1960
100 1# - MAIN ENTRY--PERSONAL NAME
Personal name Ahmad, Kurshid.
9 (RLIN) 100401
245 10 - TITLE STATEMENT
Title Fanaticism, intolerance and Islam /
Statement of responsibility, etc. by Khurshid Ahmad
250 ## - EDITION STATEMENT
Edition statement 2nd ed.
260 ## - PUBLICATION, DISTRIBUTION, ETC. (IMPRINT)
Place of publication, distribution, etc. Karachi, Pakistan :
Name of publisher, distributor, etc. Jamaat-E-Islami Publications,
Date of publication, distribution, etc. 1960.
300 ## - PHYSICAL DESCRIPTION
Pagination 53 p. ;
Size 22 cm
650 #0 - SUBJECT ADDED ENTRY--TOPICAL TERM
Topical term or geographic name as entry element Religious tolerance
General subdivision Islam.
9 (RLIN) 100402
Topical term or geographic name as entry element Islam
General subdivision Relations
9 (RLIN) 100403
Topical term or geographic name as entry element Toleration
9 (RLIN) 100404
942 ## - ADDED ENTRY ELEMENTS (KOHA)
Source of classification or shelving scheme Dewey Decimal Classification
Koha item type Books
Holdings
Lost status Source of classification or shelving scheme Damaged status Not for loan Collection code Permanent Location Current Location Shelving location Date acquired Source of acquisition Cost, normal purchase price Total Checkouts Full call number Date last seen Copy number Koha item type
  Dewey Decimal Classification   Not For Loan Non-fiction Central Library, University of Rajshahi Central Library, University of Rajshahi Reading Room 30/03/1961 Islamic Pub. 1.00   943.15505088245 AHF 1960 29/04/2014 C-1 Books